书目信息 |
| 题名: |
会稽士族、家族与士绅社会
|
|
| 作者: | 高利华 主编 | |
| 分册: | ||
| 出版信息: | 北京 中国社会科学出版社 2019 |
|
| 页数: | 347页 | |
| 开本: | 24cm | |
| 丛书名: | ||
| 单 册: | ||
| 中图分类: | D691.7 , K820.9 | |
| 科图分类: | ||
| 主题词: | 士--shi--群体--研究--华东地区--古代 , 士绅--shi shen--研究--华东地区--古代 , 家族--jia zu--研究--华东地区--古代 | |
| 电子资源: | ||
| ISBN: | 978-7-5203-3921-6 | |
| 000 | 01867nam0 2200289 450 | |
| 001 | 012001008752 | |
| 005 | 20140102112948.0 | |
| 010 | @a978-7-5203-3921-6@dCNY88.00 | |
| 099 | @aCAL 012019098270 | |
| 100 | @a20190506d2019 em y0chiy50 ea | |
| 101 | 0 | @achi |
| 102 | @aCN@b110000 | |
| 105 | @ak z 000yy | |
| 106 | @ar | |
| 200 | 1 | @a会稽士族、家族与士绅社会@Ahui ji shi zu、 jia zu yu shi shen she hui@f高利华主编 |
| 210 | @a北京@c中国社会科学出版社@d2019 | |
| 215 | @a347页@d24cm | |
| 300 | @a越文化研究 绍兴文理学院学报特色栏目论文选 | |
| 330 | @a越文化的一个重要标志就是士族和家族文化的兴盛。从魏晋开始,越地文化士族形成,如王羲之、谢安为代表的王谢家族,培养出了出类拔萃的名士名家。不但使本家族声名鹊起,也为地域文化氛围的形成增添了许多亮眼之处。六朝时期的会稽是士族形成、文化世家兴盛的第一个密集期。入唐宋以后,由于社会安定,崇尚文治,科举仕宦型家族,学术文化型家族大量涌现。家族在文化上的长期积累,形成了诗书传家的传统。宋代靖康之难政治经济文化中心的南移,为越地的文化家族的崛起提供了更直接更有利的机遇,形成了士绅文化世家得以扬名的第二个密集期。明清至近代,是越地经济文化的进一步发展开放的时期,藏书和尚学重教之风为家族文化的弘扬发展提供了保障。会稽钮氏的世学楼、山阴祁彪佳祁氏的澹生堂和宁波范氏的天一阁名闻天下的藏书世家。藏书之风气盛,读书之风气亦因之而兴,形成了士绅社会的繁荣和文化世家鼎盛,是为第三个辉煌期。本书将精选本刊重点栏目“越文化研究”历年刊发相关专题论文,典型反映越地士族、家族和士绅社会在不同时期的文化现象。为越地“士比鲫多” 的文化生态现象提供一个解读的视点,个种现象的回顾研究,对今天文化建设亦不无启迪意义。 | |
| 606 | 0 | @a士@Ashi@x群体@x研究@y华东地区@z古代 |
| 606 | 0 | @a士绅@Ashi shen@x研究@y华东地区@z古代 |
| 606 | 0 | @a家族@Ajia zu@x研究@y华东地区@z古代 |
| 690 | @aD691.7@v5 | |
| 690 | @aK820.9@v5 | |
| 701 | 0 | @a高利华@Agao li hua@4主编 |
| 801 | 0 | @aCN@b上海新华@c20191020 |
| 905 | @b1185691-4@dD691.7@e282@f4 | |
| 会稽士族、家族与士绅社会/高利华主编.-北京:中国社会科学出版社,2019 |
| 347页;24cm |
| 越文化研究 绍兴文理学院学报特色栏目论文选 |
| ISBN 978-7-5203-3921-6:CNY88.00 |
| 越文化的一个重要标志就是士族和家族文化的兴盛。从魏晋开始,越地文化士族形成,如王羲之、谢安为代表的王谢家族,培养出了出类拔萃的名士名家。不但使本家族声名鹊起,也为地域文化氛围的形成增添了许多亮眼之处。六朝时期的会稽是士族形成、文化世家兴盛的第一个密集期。入唐宋以后,由于社会安定,崇尚文治,科举仕宦型家族,学术文化型家族大量涌现。家族在文化上的长期积累,形成了诗书传家的传统。宋代靖康之难政治经济文化中心的南移,为越地的文化家族的崛起提供了更直接更有利的机遇,形成了士绅文化世家得以扬名的第二个密集期。明清至近代,是越地经济文化的进一步发展开放的时期,藏书和尚学重教之风为家族文化的弘扬发展提供了保障。会稽钮氏的世学楼、山阴祁彪佳祁氏的澹生堂和宁波范氏的天一阁名闻天下的藏书世家。藏书之风气盛,读书之风气亦因之而兴,形成了士绅社会的繁荣和文化世家鼎盛,是为第三个辉煌期。本书将精选本刊重点栏目“越文化研究”历年刊发相关专题论文,典型反映越地士族、家族和士绅社会在不同时期的文化现象。为越地“士比鲫多” 的文化生态现象提供一个解读的视点,个种现象的回顾研究,对今天文化建设亦不无启迪意义。 |
| ● |
| 相关链接 |
|
|
|
|
正题名:会稽士族、家族与士绅社会
索取号:D691.7/282
 
预约/预借
| 序号 | 登录号 | 条形码 | 馆藏地/架位号 | 状态 | 备注 |
| 1 | 1185691 | 211856918 | 第一样本阅览室/ [索取号:D691.7/282] | 在馆 | |
| 2 | 1185692 | 211856927 | 第一借阅区/ [索取号:D691.7/282] | 在馆 | |
| 3 | 1185693 | 211856936 | 第一借阅区/ [索取号:D691.7/282] | 在馆 | |
| 4 | 1185694 | 211856945 | 第一借阅区/ [索取号:D691.7/282] | 在馆 |